| 000 | 00658nam a2200229 a 4500 | ||
|---|---|---|---|
| 999 |
_c1406 _d1406 |
||
| 001 | 1406 | ||
| 003 | BD-JhCC | ||
| 005 | 20171022133839.0 | ||
| 008 | 171018s2011 bg |||| ||a| 000 0 ben d | ||
| 020 | _a9847012002001 | ||
| 035 | _a(BD-JhCC)1406 | ||
| 040 |
_aBD-JhCC _dBD-JhCC |
||
| 041 | _aben | ||
| 082 |
_a891.4409 _bCHD 2011 |
||
| 100 | _aচৌধুরী, কবীর | ||
| 245 |
_aশ্রেষ্ঠ প্রবন্ধ / _c কবীর চৌধুরী |
||
| 260 |
_aঢাকা : _bকথা প্রকাশ, _c২০১১. |
||
| 300 |
_a350 p. : _c21 cm. |
||
| 650 | _aCollection Of Essays | ||
| 942 |
_2ddc _cBK |
||